000 00519nam a2200169Ia 4500
008 240729s9999 xx 000 0 und d
022 _a2692-7659
245 0 _aSpace: Science & Technology
260 _aUnited States
260 _bAmerican Association for the Advancement of Science (AAAS)
650 _a Astronomy
650 _a Motor vehicles. Aeronautics. Astronautics | Science
650 _aTechnology
856 _uhttps://doaj.org/toc/6cae7cecc0664b1183c5f283b54c48f7
942 _2ddc
942 _cDOAJEJ
999 _c65668
_d65668
945 _a1
_bMadushi Gamage
_c1
_dMadushi Gamage